<?xml version='1.0' encoding='UTF-8'?>
  <record xmlns="http://www.loc.gov/MARC21/slim">
    <leader>00000cam a2200000 i 4500</leader>
    <controlfield tag="001">ocn907593695</controlfield>
    <controlfield tag="003">OCoLC</controlfield>
    <controlfield tag="005">20241231152741.5</controlfield>
    <controlfield tag="008">860711s1725    ne            000 0 lat d</controlfield>
    <datafield tag="040" ind1=" " ind2=" ">
      <subfield code="a">NLGGC</subfield>
      <subfield code="b">dut</subfield>
      <subfield code="e">fobidrtb</subfield>
      <subfield code="c">NLGGC</subfield>
      <subfield code="d">L2U</subfield>
      <subfield code="d">OCLCO</subfield>
      <subfield code="d">OCLCL</subfield>
      <subfield code="d">OCLCQ</subfield>
    </datafield>
    <datafield tag="029" ind1="0" ind2=" ">
      <subfield code="a">NLGGC</subfield>
      <subfield code="b">863231098</subfield>
    </datafield>
    <datafield tag="035" ind1=" " ind2=" ">
      <subfield code="a">(OCoLC)907593695</subfield>
    </datafield>
    <datafield tag="100" ind1="1" ind2=" ">
      <subfield code="a">Albinus, Bernhard Siegfried,</subfield>
      <subfield code="d">1697-1770.</subfield>
      <subfield code="1">https://id.oclc.org/worldcat/entity/E39PBJrmb9Vg9tRrdVkTKpFqcP</subfield>
    </datafield>
    <datafield tag="245" ind1="1" ind2="0">
      <subfield code="a">Index supellectilis anatomicae, quam Academiae Batavae quae Leidae est legavit vir clarissimus Johannes Jacobus Rau, rogatu illustrissimorum et amplissimorum academiae istius curatorum et urbis consulum /</subfield>
      <subfield code="c">confectus a Bernhardo Siegfried Albino, qui et vitam ejus et curationem quam calculosis adhibuit instrumentorumque figuras addidit.</subfield>
    </datafield>
    <datafield tag="246" ind1="3" ind2=" ">
      <subfield code="a">Index supellectilis anatomicae</subfield>
    </datafield>
    <datafield tag="260" ind1=" " ind2=" ">
      <subfield code="a">Lugduni Batavorum :</subfield>
      <subfield code="b">apud Henricum Mulhovium &amp; prostat quoque apud Franciscum Schuyl,</subfield>
      <subfield code="c">1725.</subfield>
    </datafield>
    <datafield tag="300" ind1=" " ind2=" ">
      <subfield code="a">[36], 48 p. :</subfield>
      <subfield code="b">ill. ;</subfield>
      <subfield code="c">in-4.</subfield>
    </datafield>
    <datafield tag="336" ind1=" " ind2=" ">
      <subfield code="a">tekst</subfield>
      <subfield code="b">txt</subfield>
      <subfield code="2">rdacontent/dut</subfield>
    </datafield>
    <datafield tag="337" ind1=" " ind2=" ">
      <subfield code="a">zonder medium</subfield>
      <subfield code="b">n</subfield>
      <subfield code="2">rdamedia/dut</subfield>
    </datafield>
    <datafield tag="338" ind1=" " ind2=" ">
      <subfield code="a">band</subfield>
      <subfield code="b">nc</subfield>
      <subfield code="2">rdacarrier/dut</subfield>
    </datafield>
    <datafield tag="530" ind1=" " ind2=" ">
      <subfield code="a">Titel is geselecteerd voor digitalisering voor de Universiteit van Amsterdam in het kader van het Google Books-project.</subfield>
    </datafield>
    <datafield tag="600" ind1="1" ind2="4">
      <subfield code="a">Rau, Johann Jacob,</subfield>
      <subfield code="d">1668-1719.</subfield>
      <subfield code="0">(NL-LeOCL)074689193</subfield>
    </datafield>
    <datafield tag="600" ind1="1" ind2="7">
      <subfield code="a">Rau, Johann Jacob,</subfield>
      <subfield code="d">1668-1719.</subfield>
      <subfield code="0">(NL-LeOCL)074689193</subfield>
      <subfield code="2">nta</subfield>
    </datafield>
    <datafield tag="700" ind1="1" ind2=" ">
      <subfield code="a">Rau, Johann Jacob,</subfield>
      <subfield code="d">1668-1719.</subfield>
      <subfield code="1">https://id.oclc.org/worldcat/entity/E39PCjGKw9cwvYHvd9XfcG7tBq</subfield>
    </datafield>
    <datafield tag="710" ind1="0" ind2=" ">
      <subfield code="a">Mulhovius, Hendrik (Leiden)</subfield>
      <subfield code="4">prt</subfield>
      <subfield code="0">(NL-LeOCL)080433995</subfield>
    </datafield>
    <datafield tag="710" ind1="0" ind2=" ">
      <subfield code="a">Schuyl, Franciscus (Leiden)</subfield>
      <subfield code="4">prt</subfield>
      <subfield code="0">(NL-LeOCL)194111717</subfield>
    </datafield>
    <datafield tag="758" ind1=" " ind2=" ">
      <subfield code="a">Index supellectilis anatomicae (Text)</subfield>
      <subfield code="1">https://id.oclc.org/worldcat/entity/E39PCGYQfrJGmJyKWfd9t6CrYP</subfield>
      <subfield code="4">https://id.oclc.org/worldcat/ontology/hasWork</subfield>
    </datafield>
    <datafield tag="776" ind1="0" ind2=" ">
      <subfield code="t">Index supellectilis anatomicae, quam Academiae Batavae quae Leidae est legavit vir clarissimus Johannes Jacobus Rau, rogatu illustrissimorum et amplissimorum academiae istius curatorum et urbis consulum</subfield>
      <subfield code="w">(NL-LeOCL)397012993</subfield>
    </datafield>
    <datafield tag="776" ind1="0" ind2=" ">
      <subfield code="t">Index supellectilis anatomicae, quam Academiae Batavae quae Leidae est legavit vir clarissimus Johannes Jacobus Rau, rogatu illustrissimorum et amplissimorum academiae istius curatorum et urbis consulum</subfield>
      <subfield code="w">(NL-LeOCL)400327511</subfield>
    </datafield>
    <datafield tag="936" ind1=" " ind2=" ">
      <subfield code="a">BATCHLOAD</subfield>
    </datafield>
  </record>